000 00189nam a2200085 4500
001 1254047
005 20251104142600.0
245 _aYABAN
_cYAKUP KADRİ KARAOSMANOĞLU
260 _bİLETİŞİM
999 _c1254047
_d1254047